000 00413nam a2200169 a 4500
001 814
003 CO-ViMGA
008 141112s2004 ck r 000 u spa d
040 _aCO-ViMGA
_bspa
_cCO-ViMGA
082 0 4 _a133.53 C156
100 1 _aCampion, Nicholas
_948727
245 1 0 _aAstrología práctica
260 _aBarcelona :
_bCeac,
_c1989
300 _a240 p : il
650 1 4 _aASTROLOGIA
942 _2ddc
_cBK
999 _c13050
_d13050